00349nam a22001337a 4500003000400000008004100004082001400045100002200059245005800081250000900139260002200148300000900170650003600179OSt200713b ||||| |||| 00| 0 eng d a615.19TIL aTiwari , Abhishek aLaboratory Manual of Pharmaceutical organic chemistry a2019 aNew DelhibNirali a10.4 aPharmaceutical Organic Chemisty